| 000 | 00608nam a2200229Ia 4500 | ||
|---|---|---|---|
| 003 | GCL | ||
| 008 | 140319s9999 xx 000 0 eng d | ||
| 040 |
_aGCL / _cGCL |
||
| 082 | 0 | 4 |
_a634.6 _bW T |
| 100 | 1 | _aRAJARATNAM, J.A | |
| 245 | 1 | 0 |
_aTREE AND FIELD CROPS OF THE WETTER REGIONS OF THE TROPICS / _cRAJARATNAM, J.A |
| 700 | 1 | _aWILLIAMS, C.N | |
| 700 | 1 | _aCHEW, W.Y | |
| 260 |
_a[S.N] : _bELBS LONGMAN ، _c1987 |
||
| 300 | _a262 P | ||
| 650 | 0 | 4 | _aTROPICAL CROPS |
| 650 | 0 | 4 | _aAGRICULTURE |
| 650 | 0 | 4 | _aFIELD CROPS |
| 650 | 0 | 4 | _aCROPS, WETTER REGIONS |
| 650 | 0 | 4 | _aTREE CROPS |
| 942 |
_2ddc _cBK |
||
| 999 |
_c20461 _d20461 |
||